| 000 | 00530nac a22001691u 4500 | ||
|---|---|---|---|
| 008 | 100907s2000 nyu|||||r|||| 00| 0 eng d | ||
| 020 | _a1893115429 | ||
| 082 |
_a005.72 _bSOO _222 |
||
| 100 |
_aFoo, Soo Mee _918580 |
||
| 245 |
_aXML Programming Using the Microsoft XML Parser / _cSoo Mee Foo |
||
| 260 |
_aNew York : _bApress, _c[2000]. |
||
| 300 |
_a451 p. : _bill. ; _c24 cm. |
||
| 500 | _aIncludes index. | ||
| 650 |
_aXML (Document markup language) _918581 |
||
| 650 |
_aXML _918582 |
||
| 942 |
_cBB _k005.72F6861 _2ddc |
||
| 999 |
_c539 _d539 |
||